[Event "Witten (ch open)"]
[Site "Annen"]
[Date "2012.02.03"]
[Round "1"]
[White "Sondermann, Dirk"]
[Black "Reinoehl, Christian"]
[Result "0-1"]
[WhiteElo "1807"]
[BlackElo "2093"]
[PlyCount "82"]
[EventDate "2012.02.03"]
[EventType "swiss"]
[EventRounds "7"]
[EventCountry "GER"]
[Source "Lothar Stergar"]
[SourceDate "2012.02.04"]

1. d4 d5 2. Nf3 Nf6 3. c4 c6 4. Nc3 e6 5. e3 Nbd7 6. Qc2 (6. Bd3 {- Fromme,W 
(1722)-Suessmann,H (1644), (5) 2010}) 6... Bd6 7. g4 h6 8. Rg1 a6 9. g5 hxg5
10. Nxg5 Qe7 11. f4 c5 12. Nf3 {#} cxd4 (12... dxc4 13. e4 cxd4 14. Nxd4 Bc5
15. Be3 Bxd4 16. Bxd4 e5 17. O-O-O exd4 18. Rxd4 Qc5 19. Qd1 Rxh2 20. e5 Nh5
21. e6 fxe6 22. Rg5 Qb4 23. Be2 Ndf6 24. Qg1 Rxe2 25. Nxe2 Qe7 26. Qh1 Qf7 27.
Rxc4 Kf8 28. Rcc5 g6 29. Qg2 Ne4 30. Qf1 b6 {0-1 Brandao,R (1998)-De Oliveira,
J, San Jose do Rio Preto 2007}) 13. exd4 Nh5 14. Ne5 dxc4 15. Ne4 Bb4+ 16. Kd1
Nxe5 17. fxe5 b5 18. a3 Qd7 19. Qf2 Bb7 20. Ng5 Bc5 21. Be3 f6 22. Nxe6 Qxe6
23. dxc5 Qxe5 24. Bg2 O-O-O+ 25. Kc1 Bxg2 26. Rxg2 Rhe8 27. Bd2 Nf4 28. Bxf4
Qe1+ 29. Qxe1 Rxe1+ 30. Kc2 Rxa1 31. Rxg7 Rd4 32. Bd6 Rad1 33. Rc7+ Kd8 34. Rc6
R1d2+ 35. Kc1 Rg2 36. Rxa6 Rdd2 37. Bf4 Rc2+ 38. Kd1 Rxb2 39. Kc1 Ra2 40. Kb1
Rgb2+ 41. Kc1 c3 0-1

[Event "Witten (ch open)"]
[Site "Annen"]
[Date "2012.02.03"]
[Round "1"]
[White "Winterkamp, Sascha"]
[Black "Dahlbeck, Mirko"]
[Result "1-0"]
[WhiteElo "1953"]
[BlackElo "1750"]
[PlyCount "45"]
[EventDate "2012.02.03"]
[EventType "swiss"]
[EventRounds "7"]
[EventCountry "GER"]
[Source "Lothar Stergar"]
[SourceDate "2012.02.04"]

1. d4 e6 2. Nf3 Nf6 3. c3 d5 4. Bg5 c5 (4... Be7 {- Fieberg,N (1790)
-Papenkordt,K (1690), (9) 1994}) 5. e3 Nc6 6. Nbd2 Bd6 7. Bd3 O-O 8. O-O Bd7 9.
Re1 Be7 {#} 10. Rc1 (10. a4 a6 11. Qe2 h6 12. Bh4 Ne4 13. Bxe7 Nxe7 14. Nf1 Nd6
15. N1d2 Ne4 16. Nf1 Qc7 17. N3d2 Rfe8 18. f4 Nd6 19. Nf3 c4 20. Bc2 b5 21.
N1d2 Rab8 22. axb5 axb5 23. Ne5 Ra8 24. Qf1 b4 25. Rxa8 Rxa8 26. Ra1 Rb8 27.
Qc1 Bc8 28. Bd1 Nef5 29. Kf2 Ne7 30. Kg1 Bd7 31. Nxd7 Qxd7 32. Bc2 Qb7 33. Kf2
f6 34. g3 Qc6 35. Ba4 Qc8 36. Bc2 b3 37. Bd1 e5 38. Ra5 exd4 39. exd4 Qh3 40.
Kg1 Qe6 41. Kf2 Ne4+ 42. Kg1 Nxc3 43. bxc3 Qe1+ 44. Kg2 b2 45. Qc2 Nf5 {0-1
Gunasekaran,K (2312)-Vijayalakshmi,S (2412), Dhaka 2005}) 10... Qb6 11. Ne5 Qc7
12. f4 Rfe8 13. Rf1 Bc8 14. Rf3 Nxe5 15. fxe5 Nd7 16. Bxh7+ Kf8 17. Rxf7+ Kxf7
18. Qh5+ Kf8 19. Rf1+ Bf6 20. exf6 Nxf6 21. Bxf6 gxf6 22. Rxf6+ Kg7 23. Qh6+
1-0

[Event "Witten (ch open)"]
[Site "Annen"]
[Date "2012.02.03"]
[Round "1"]
[White "Hoelzer, Thomas"]
[Black "Hartung, Thomas"]
[Result "1-0"]
[WhiteElo "1708"]
[BlackElo "1904"]
[PlyCount "49"]
[EventDate "2012.02.03"]
[EventType "swiss"]
[EventRounds "7"]
[EventCountry "GER"]
[Source "Lothar Stergar"]
[SourceDate "2012.02.04"]

1. Nf3 Nf6 2. d4 g6 3. Nc3 d5 4. h3 (4. Bg5 {- Scholz,M (1824)-Herrmann,U 
(1912), (8) 1999}) 4... Bg7 5. Bf4 O-O 6. e3 c5 7. Be2 a6 8. O-O cxd4 9. exd4
Nc6 10. Ne5 {#} Qb6 (10... Ne4 11. Nxe4 dxe4 12. Nxc6 bxc6 13. c3 Be6 14. Qa4
Qb6 15. b4 a5 16. b5 c5 17. Be3 cxd4 18. cxd4 Bd5 19. Rac1 f5 20. Bc4 Qe6 21.
Bxd5 Qxd5 22. Rc5 Qd6 23. Rfc1 f4 24. Rc6 Qb4 25. Qxb4 axb4 26. Bd2 Rxa2 27.
Bxb4 Bxd4 28. Bxe7 Bxf2+ 29. Kf1 Re8 30. R1c2 Rxc2 31. Rxc2 Rxe7 32. Kxf2 Kf7
33. b6 Ke6 34. Rc4 Kd5 35. Rc7 Re6 36. b7 Rb6 37. Rxh7 Rb2+ 38. Kf1 Kd4 39. Rc7
Ke3 40. Rc3+ Kd2 41. Rc4 Rb1+ 42. Kf2 e3+ 43. Kf3 g5 44. Rd4+ Ke1 45. g3 Rxb7
46. gxf4 gxf4 47. Re4 Kf1 48. Rxf4 Re7 49. Kg4+ Kg2 50. Ra4 Rg7+ 51. Kh4 e2 52.
Ra2 Kf1 53. Ra1+ e1=Q+ 54. Rxe1+ Kxe1 55. Kh5 Kf2 56. Kh6 Rg8 57. h4 Kg3 58.
Kh7 Rg4 59. h5 Kh4 60. h6 Kh5 61. Kh8 Kg6 62. Kg8 Kxh6+ 63. Kh8 Ra4 {0-1
Marcussen,J-Werner,G (2069), Kobenhavn 2006}) (10... Be6 11. Bf3 Rc8 12. Nxc6
Rxc6 13. a4 Qb6 14. Ra3 Rc4 15. Be5 Ne4 16. Bxe4 Bxe5 17. dxe5 dxe4 18. Qe2 Qc6
19. a5 Rb4 20. Rc1 Rc8 21. Nd1 Qd5 22. Qe1 Rd4 23. Ne3 Qxe5 24. Rc3 Rcd8 25.
Ra3 f5 26. Rd1 f4 27. Rxd4 Qxd4 28. Nf1 Qxb2 29. Ra4 Bf5 30. Rb4 Qxc2 31. Rxb7
Rd1 32. Qb4 Qd3 33. Qb3+ Qxb3 34. Rxb3 e3 {0-1 Huynh Mai Phuong,D-Le Kieu
Thien,K (2328), Hue 1999}) 11. Nxc6 bxc6 12. Na4 Qa5 13. Nc5 Nd7 14. Nxd7 Bxd7
15. c3 Rfe8 16. Bd3 f6 17. c4 e5 18. Bd2 Qb6 19. dxe5 fxe5 20. cxd5 cxd5 21.
Bc3 d4 22. Bd2 Qxb2 23. Qe2 Bb5 24. Rfb1 Bxd3 25. Qxd3 1-0

[Event "Witten (ch open)"]
[Site "Annen"]
[Date "2012.02.03"]
[Round "1"]
[White "Herrmann, Uwe"]
[Black "Claus, Joachim"]
[Result "1-0"]
[WhiteElo "1933"]
[BlackElo "1638"]
[PlyCount "61"]
[EventDate "2012.02.03"]
[EventType "swiss"]
[EventRounds "7"]
[EventCountry "GER"]
[Source "Lothar Stergar"]
[SourceDate "2012.02.04"]

1. d4 d5 2. Nf3 Nf6 3. c4 g6 4. cxd5 Bg7 5. Nc3 Nxd5 6. e4 Nxc3 7. bxc3 O-O 8.
Rb1 c5 9. Be2 cxd4 (9... Bg4 {- Herrmann,U (1775)-Claus,J (1640), (2) 1991})
10. cxd4 Nc6 11. Be3 Qa5+ 12. Qd2 b6 13. Qxa5 Nxa5 14. O-O Bb7 15. Bd3 {#} Rac8
(15... e6 16. Rbc1 Rac8 17. Rfd1 Bf6 18. Bg5 Bxg5 19. Nxg5 Rxc1 20. Rxc1 Rd8
21. Be2 h6 {0-1 Poirier,E (2029)-Masse,H (2249), Montreal 2004}) 16. Rfc1 Rfd8
17. d5 Rxc1+ 18. Bxc1 Rc8 19. Bg5 f6 20. Bd2 Nc4 21. Bb4 Kf8 22. Nd4 Ne5 23.
Ne6+ Kf7 24. Bb5 Bf8 25. f4 a6 26. Ba4 b5 27. fxe5 bxa4 28. exf6 Ba8 29. Rf1
Bh6 30. fxe7+ Ke8 31. Rf8+ 1-0

[Event "Witten (ch open)"]
[Site "Annen"]
[Date "2012.02.03"]
[Round "1"]
[White "Stergar, Lothar"]
[Black "Zadow, Ralf"]
[Result "0-1"]
[WhiteElo "1574"]
[BlackElo "1860"]
[PlyCount "58"]
[EventDate "2012.02.03"]
[EventType "swiss"]
[EventRounds "7"]
[EventCountry "GER"]
[Source "Lothar Stergar"]
[SourceDate "2012.02.04"]

1. e4 c5 2. Nf3 e6 3. d4 cxd4 4. Nxd4 Bc5 5. c3 Ne7 (5... a6 {- Kamp,R (1368)
-Fruck,H (1493), (7) 1999}) 6. Be3 {#} d6 (6... Ng6 7. Nxe6 fxe6 8. Bxc5 Nc6 9.
Na3 b6 10. Bd6 Nce7 11. Nb5 O-O 12. Bc7 Qe8 13. Nd6 {1-0 Bosbach,M (1889)
-Felsmann,H (1299), Bergisch Gladbach 1996}) (6... Bb6 7. Bb5 Nbc6 8. O-O O-O
9. Nd2 a6 10. Ba4 Nxd4 11. cxd4 d5 12. e5 Nf5 13. Nf3 Nxe3 14. fxe3 Bd7 15. Bc2
Bb5 16. Rf2 f5 17. Ba4 Bxa4 18. Qxa4 Rc8 19. Rc2 Rxc2 20. Qxc2 Rf7 21. Rc1 Rc7
22. Qd1 Rxc1 23. Qxc1 h6 24. Kf2 g5 25. g3 Qf8 26. Qc2 Kg7 27. Qb3 Qd8 28. Qb4
Qc7 29. Ke2 Ba5 30. Qb3 g4 31. Ng1 Kg6 32. Qd1 Qc4+ 33. Kf2 Qxa2 34. Qc1 Qc4
35. Qxc4 dxc4 36. Ne2 b5 37. Nf4+ Kf7 38. Ke2 c3 39. b3 Bb4 40. Kd3 Ba5 41. Kc2
Ke7 42. Nd3 b4 43. Nc5 Kf7 44. Nxa6 h5 45. Nc5 Bd8 46. Na4 Bg5 47. Kd3 c2 48.
Kxc2 Bxe3 49. Kd3 Bg1 50. Nb2 Bxh2 51. Nd1 Bxg3 52. Ke2 h4 53. Kf1 h3 54. Kg1
Bf4 55. Kh1 g3 56. Nb2 g2+ {0-1 Damboise,P (1926)-Desanlis,A (1904), France
2008}) 7. Nd2 O-O 8. Bd3 Nd7 9. Qe2 e5 10. Nc2 d5 11. O-O Bxe3 12. Qxe3 Qc7 13.
Rac1 Nc5 14. Be2 Be6 15. b4 Nxe4 16. Nxe4 dxe4 17. Qxe4 Bd5 18. Qh4 Ng6 19. Qg3
Nf4 20. Bf3 Qxc3 21. Ne3 Bxf3 22. Qxf3 Qxb4 23. Rb1 Qa3 24. Rxb7 Rac8 25. g3
Ne6 26. Qd5 Rc5 27. Qd7 Qxa2 28. Rxa7 Ra5 29. Rb7 Nc5 0-1

[Event "Witten (ch open)"]
[Site "Annen"]
[Date "2012.02.03"]
[Round "1"]
[White "Morawietz, Manuel"]
[Black "Koch, Detlev"]
[Result "1-0"]
[WhiteElo "1836"]
[BlackElo "1341"]
[PlyCount "43"]
[EventDate "2012.02.03"]
[EventType "swiss"]
[EventRounds "7"]
[EventCountry "GER"]
[Source "Lothar Stergar"]
[SourceDate "2012.02.04"]

1. e4 c5 2. c4 e6 3. Nc3 Nc6 4. g3 g6 (4... Be7 {- Zadow,R (1910)-Zimbelmann,W
(1565), (3) 2005}) 5. Bg2 d6 6. Nge2 Bg7 7. O-O Nd4 8. f4 Ne7 {#} 9. Rb1 (9.
Nxd4 cxd4 10. Ne2 O-O 11. d3 e5 12. b4 Rb8 13. a4 a6 14. b5 Be6 15. Ba3 Qd7 16.
Qb3 axb5 17. axb5 Bg4 18. Ra2 Ra8 19. Qb4 Ra7 20. fxe5 dxe5 21. Rfa1 Rfa8 22.
Nc1 Bf8 23. Qd2 h5 24. Qg5 Qe6 25. Bb4 Rxa2 26. Rxa2 Rxa2 27. Nxa2 Kh7 28. Qc1
Bh6 29. Qf1 Be3+ 30. Kh1 h4 31. h3 hxg3 32. hxg4 Bf2 33. Bf3 g5 34. Qh3+ Kg7
35. Qh5 Qf6 36. Kg2 Ng6 37. Qh1 Nh4+ 38. Kf1 Nxf3 39. Be7 Qf4 40. Qh5 Be3 {0-1
Brochet,P (2270)-Samara,F (2195), France 1998}) 9... O-O 10. b4 b6 11. Kh1 Nec6
12. d3 Rb8 13. b5 Nxe2 14. Nxe2 Nd4 15. Nxd4 Bxd4 16. Qa4 Qc7 17. Bb2 e5 18. f5
Bd7 19. f6 Ra8 20. Qc2 Qc8 21. Qd2 Bh3 22. Qh6 1-0

[Event "Witten (ch open)"]
[Site "Annen"]
[Date "2012.02.03"]
[Round "1"]
[White "Luebke, Hans Joachim"]
[Black "Bortel, Peter"]
[Result "0-1"]
[WhiteElo "1277"]
[BlackElo "1821"]
[PlyCount "68"]
[EventDate "2012.02.03"]
[EventType "swiss"]
[EventRounds "7"]
[EventCountry "GER"]
[Source "Lothar Stergar"]
[SourceDate "2012.02.04"]

1. c4 Nf6 2. d3 g6 3. b3 Bg7 4. Bb2 O-O 5. e3 c6 {#} (5... b6 {- Luebke,H 
(1296)-Krawietz,S, (5) 2010}) 6. a3 (6. Qc2 d5 7. cxd5 cxd5 8. Nd2 Nc6 9. a3
Be6 10. Ngf3 Rc8 11. Qd1 Bf5 12. Nd4 Bd7 13. Be2 Re8 14. Nxc6 Bxc6 15. O-O Qd6
16. Rb1 Rc7 17. f4 Nd7 18. Bxg7 Kxg7 19. b4 Nf6 20. Nf3 Ng4 21. Qd2 Qe6 22. e4
dxe4 23. Nd4 Qd7 24. Nxc6 Rxc6 25. Bxg4 Qxg4 26. dxe4 Rd6 27. Qc3+ Kg8 28. h3
Qd7 29. Rb3 Rc8 30. Qg3 Rd2 31. Kh1 Rcc2 32. Rg1 Qd4 33. Re3 Re2 34. Rxe2 Rxe2
35. Rc1 Qxe4 36. Rc8+ Kg7 37. Qc3+ f6 38. Qf3 Qxf3 39. gxf3 Ra2 {0-1 Butenko,O
(2079)-Prusak,I, Kiev 2001}) (6. Nd2 d5 7. Ngf3 Bg4 8. Qc2 Nbd7 9. h3 Bxf3 10.
Nxf3 Rc8 11. Be2 Re8 12. O-O e5 13. Rfd1 Qc7 14. Rac1 c5 15. cxd5 Nxd5 16. a3
b6 17. Qc4 Qb7 18. Nd2 b5 19. Qc2 Qb8 20. Bf3 N5b6 21. a4 a6 22. axb5 axb5 23.
Ne4 Nd5 24. Ra1 Qb6 25. Nc3 Nb4 26. Qd2 Rcd8 27. Ba3 Na6 28. Nd5 Qb8 29. Bb2
Nb6 30. Nxb6 Qxb6 31. Qa5 Re6 32. Qxb6 Rxb6 33. Bc3 Rbd6 34. Be2 b4 35. Bb2 Nc7
{1/2-1/2 Stanford,M (2205)-Churchill,G, Victoria 2003}) 6... d5 7. cxd5 Qxd5 8.
Nf3 Bg4 9. Be2 Rd8 10. Nc3 Qa5 11. b4 Qc7 12. Qc2 Nbd7 13. O-O Rac8 14. Rac1 e5
15. Rfe1 Qd6 16. Qb1 Nb6 17. Rcd1 Qe7 18. Qa1 Nfd7 19. Qa2 Be6 20. Qa1 f5 21.
Bf1 c5 22. bxc5 Nxc5 23. Nd2 Nxd3 24. Bxd3 Rxd3 25. Ne2 Rcd8 26. Bc3 Qd6 27.
Bb4 Qd7 28. Qc1 Bb3 29. Qb2 Bxd1 30. Qa2+ Qd5 31. Qxd5+ R3xd5 32. Rxd1 Nc4 33.
Nc3 Rxd2 34. Rxd2 Rxd2 0-1

[Event "Witten (ch open)"]
[Site "Annen"]
[Date "2012.02.10"]
[Round "2"]
[White "Reinoehl, Christian"]
[Black "Morawietz, Manuel"]
[Result "1-0"]
[WhiteElo "2093"]
[BlackElo "1836"]
[PlyCount "114"]
[EventDate "2012.02.03"]
[EventType "swiss"]
[EventRounds "7"]
[EventCountry "GER"]
[Source "Lothar Stergar"]
[SourceDate "2012.02.04"]

1. c4 e5 2. Nc3 c5 3. g3 Nc6 4. Bg2 Nf6 (4... Qc7 {- Prein,D (1250)-Delkus,R 
(1133), (3) 1998}) 5. e3 Be7 6. Nge2 O-O 7. O-O d6 8. d3 Bg4 {#} 9. h3 (9. a3
Qd7 (9... Bh5 10. b4 cxb4 11. axb4 Nxb4 12. Bxb7 Rb8 13. Bg2 a5 14. f4 exf4 15.
Rxf4 d5 16. Nxd5 Nfxd5 17. cxd5 Nxd5 18. Rd4 Nc3 19. Rxd8 Rfxd8 20. Nxc3 Bxd1
21. Nxd1 Rxd3 22. Nf2 Rc3 23. Bd2 Rc2 24. Bxa5 Rbb2 25. Be1 Re2 26. Bf1 Ra2 27.
Bxe2 Rxa1 28. Nd3 Bg5 29. Kf2 g6 30. Bc3 Ra8 31. h4 Bh6 32. Ne5 Bg7 33. Bc4 Ra7
34. Bd4 Re7 35. Nxf7 Rxf7+ 36. Bxf7+ Kxf7 37. Bxg7 Kxg7 38. Kf3 Kf6 39. Kf4 h6
40. e4 Ke6 41. e5 Kd5 42. h5 gxh5 43. Kf5 Kc6 44. Kf6 Kd7 45. Kf7 {1-0 Vieira,
A-Rosa,O, email 1999}) 10. Qc2 Bh3 11. Nd5 Bxg2 12. Kxg2 b6 13. Bd2 Bd8 14.
Rab1 Qb7 15. Nxf6+ Bxf6 16. f3 Ne7 17. e4 Ng6 18. Nc3 Be7 19. Nd5 Qd7 20. Ne3
Bg5 21. Nf5 Qd8 22. Qc1 Bxd2 23. Qxd2 Qf6 24. Rf2 Ne7 25. Ne3 h5 26. Rbf1 Qg6
27. Kh1 f5 28. exf5 Nxf5 29. Nxf5 Rxf5 30. Qe3 Raf8 31. Qe4 Qe6 32. Kg2 {1/2-1/
2 Huebner,E (1573)-Graffenberger,W (1530), Ellwangen 2003}) 9... Bd7 10. a3 Qc8
11. Kh2 Rb8 12. Nd5 Nxd5 13. cxd5 Nd8 14. b4 cxb4 15. axb4 Bb5 16. Bb2 Qf5 17.
e4 Qd7 18. Nc3 a6 19. Qd2 f6 20. h4 Nf7 21. Bh3 Qe8 22. Nxb5 Qxb5 23. Rfc1 Bd8
24. d4 Bb6 25. Bf1 Qd7 26. f4 Nh6 27. Bh3 Qb5 28. dxe5 fxe5 29. f5 Nf7 30. g4
Rbc8 31. g5 Rc4 32. Rxc4 Qxc4 33. Bg2 Qb3 34. Bc3 Rc8 35. Rc1 Rc4 36. Qb2 Qxb2
37. Bxb2 Rxc1 38. Bxc1 g6 39. Bd2 Kg7 40. Kg3 h6 41. gxh6+ Nxh6 42. fxg6 Kxg6
43. Bh3 Nf7 44. Bc8 Nd8 45. Kg4 Bc7 46. h5+ Kf7 47. Kf5 b6 48. Bxa6 Kg7 49. Bg5
Nf7 50. Bf6+ Kg8 51. Bc8 Kf8 52. Kg6 Bd8 53. Bg7+ Ke8 54. h6 b5 55. h7 Bf6 56.
Bd7+ Ke7 57. Bxf6+ Kf8 1-0

[Event "Witten (ch open)"]
[Site "Annen"]
[Date "2012.02.10"]
[Round "2"]
[White "Bortel, Peter"]
[Black "Winterkamp, Sascha"]
[Result "1/2-1/2"]
[WhiteElo "1821"]
[BlackElo "1953"]
[PlyCount "118"]
[EventDate "2012.02.03"]
[EventType "swiss"]
[EventRounds "7"]
[EventCountry "GER"]
[Source "Lothar Stergar"]
[SourceDate "2012.02.04"]

1. e4 c5 2. Nc3 Nc6 3. g3 g6 4. Bg2 Bg7 5. Nge2 e6 6. O-O Nge7 7. f4 d6 8. d3
Rb8 (8... O-O {- Bortel,P (1864)-Haufe,S (1257), (2) 2010}) 9. Be3 Nd4 10. Qd2
b5 11. Rae1 b4 12. Nd1 Nxe2+ 13. Qxe2 O-O 14. g4 f5 15. gxf5 gxf5 {#} 16. Qh5 (
16. Rf3 Bd7 17. Rh3 Be8 18. Kh1 Bg6 19. e5 Qc7 20. exd6 Qxd6 21. Bc1 Nc6 22.
Ne3 Nd4 23. Qf2 Qa6 24. Rg1 Qxa2 25. Nc4 a5 26. Bf1 Rb7 27. Be3 a4 28. Qh4 Bf6
29. Qh6 Rg7 30. Rhg3 a3 31. bxa3 Qxc2 32. axb4 cxb4 33. h4 Qd1 34. Nb2 Qa1 35.
h5 Qxb2 36. hxg6 hxg6 37. Rxg6 Nc2 38. d4 Rff7 39. Rxf6 Nxe3 40. Rxg7+ Rxg7 41.
Rxe6 Qb3 42. Re8+ Kf7 43. Rxe3 Rg1+ 44. Kxg1 Qxe3+ 45. Kh2 Qf2+ 46. Bg2 b3 47.
Qh5+ Kg7 48. Qg5+ Kh8 49. Qf6+ Kg8 50. Qe6+ Kg7 51. Qe5+ Kg6 52. Kh3 b2 53.
Qe6+ Kg7 54. Qe7+ {1-0 Pinto,A-De Souza Filho,N, Brazil 1988}) 16... Rf6 17.
Qe2 Rh6 18. c4 bxc3 19. bxc3 Ba6 20. Kh1 fxe4 21. Bxe4 d5 22. Bf3 Nf5 23. Bf2
Qd6 24. Qd2 d4 25. c4 Bb7 26. Be4 Bxe4+ 27. dxe4 Qc6 28. Rg1 Nd6 29. Qd3 Rf8
30. Rg4 Kh8 31. Kg1 Qa6 32. Qg3 Rf7 33. f5 Ne8 34. Qb3 Rf8 35. Qg3 Qb7 36. Rh4
Rxh4 37. Qxh4 exf5 38. exf5 Bf6 39. Qh5 Rg8+ 40. Bg3 Ng7 41. Qh6 Qf7 42. Rf1
Nh5 43. Rf3 Bg7 44. Qd6 Qb7 45. Rb3 Qe4 46. Qe6 Nxg3 47. hxg3 Qxe6 48. fxe6 Re8
49. Rb2 Bh6 50. Re2 Kg7 51. Re5 Kf6 52. Rxc5 Rxe6 53. Kf2 d3 54. Rc7 Re2+ 55.
Kf3 Rxa2 56. Rxh7 Kg6 57. Rd7 d2 58. Nc3 Ra1 59. Ke2 Rc1 {...} 1/2-1/2

[Event "Witten (ch open)"]
[Site "Annen"]
[Date "2012.02.10"]
[Round "2"]
[White "Zadow, Ralf"]
[Black "Hoelzer, Thomas"]
[Result "1-0"]
[WhiteElo "1860"]
[BlackElo "1708"]
[PlyCount "41"]
[EventDate "2012.02.03"]
[EventType "swiss"]
[EventRounds "7"]
[EventCountry "GER"]
[Source "Lothar Stergar"]
[SourceDate "2012.02.04"]

1. Nf3 d5 2. c4 c6 3. b3 Nf6 4. g3 Bf5 5. Bg2 e6 (5... Nbd7 {- Zadow,R (1851)
-Herrmann,U (1913), (3) 2009}) 6. O-O Bd6 7. Bb2 Nbd7 8. d3 Bc7 {#} 9. Qd2 (9.
cxd5 cxd5 10. Ba3 Ne5 11. Nd4 Bg6 12. Qc2 Rc8 13. Rc1 a6 14. Nd2 Ned7 15. Bd6
Nb6 16. Bxc7 Qd7 17. Bxb6 Rxc2 18. Rxc2 O-O 19. N2f3 Re8 20. Bh3 Bh5 21. Ne5
Qd6 22. Bc7 Qb4 23. e3 Bg6 24. Rac1 Qa3 25. f4 Bxd3 26. Nxd3 {1-0 Spassov,L 
(2430)-Colomer Cervero,E, Albacete 1994}) 9... e5 10. Qg5 g6 11. cxd5 cxd5 12.
Nc3 h6 13. Qh4 e4 14. dxe4 dxe4 15. Ng5 Qe7 16. Ngxe4 Be5 17. Nxf6+ Bxf6 18.
Qa4 Bxc3 19. Bxc3 O-O 20. Bxb7 Nc5 21. Qd4 1-0

[Event "Witten (ch open)"]
[Site "Annen"]
[Date "2012.02.10"]
[Round "2"]
[White "Hartung, Thomas"]
[Black "Stergar, Lothar"]
[Result "1/2-1/2"]
[WhiteElo "1904"]
[BlackElo "1574"]
[PlyCount "78"]
[EventDate "2012.02.03"]
[EventType "swiss"]
[EventRounds "7"]
[EventCountry "GER"]
[Source "Lothar Stergar"]
[SourceDate "2012.02.04"]

1. e4 c5 2. Nf3 d6 3. d4 cxd4 4. Nxd4 Nf6 5. Nc3 a6 6. Bg5 e6 7. f4 Be7 8. Qf3
O-O (8... Qc7 {- Hartung,T (1915)-Fromme,W (1722), (2) 2010}) 9. O-O-O Nbd7 10.
g4 Qc7 11. Bxf6 Nxf6 12. g5 Nd7 13. h4 b5 14. a3 Bb7 {#} 15. h5 (15. Bh3 Nc5
16. h5 Rac8 17. Rh2 d5 18. exd5 Bxg5 19. Rf2 Bf6 20. Qe3 Qb6 21. dxe6 Rc7 22.
exf7+ Rcxf7 23. b4 Bg5 24. bxc5 Qxc5 25. Be6 Qxa3+ 26. Kd2 b4 27. fxg5 bxc3+
28. Qxc3 {1-0 Luckow,R-Kastenbein,R, BRD (Schleswig Holstein) 1989}) (15. f5
exf5 16. Nxf5 Ne5 17. Qg2 Rfd8 18. h5 Bf8 19. Rh3 g6 20. hxg6 fxg6 21. Nd4 Qe7
22. Nd5 Bxd5 23. exd5 Rd7 24. Be2 Qd8 25. Kb1 Qb6 26. c3 Rf7 27. Rdh1 Raa7 28.
Qe4 Nc4 29. Qxg6+ Rg7 30. Qf6 Raf7 31. Rxh7 {1-0 Teske,H (2542)-Lameti,M (1887)
, Marrakesh 2010}) 15... Rac8 16. Qh3 Nc5 17. g6 h6 18. gxf7+ Rxf7 19. Nxe6
Nxe6 20. Qxe6 Bf6 21. Rh3 Kh8 22. Qb3 Qd7 23. e5 Bxe5 24. fxe5 Rxf1 25. Rhd3
Rxd1+ 26. Rxd1 Bf3 27. Rxd6 Qf5 28. Qe6 Qf4+ 29. Kb1 Bg4 30. Qd5 Bf3 31. Rd8+
Rxd8 32. Qxd8+ Kh7 33. e6 Bxh5 34. e7 Qf1+ 35. Ka2 Qc4+ 36. Ka1 Qf1+ 37. Nb1
Qe2 38. Nd2 Qd1+ 39. Nb1 Qe2 1/2-1/2

[Event "Witten (ch open)"]
[Site "Annen"]
[Date "2012.02.10"]
[Round "2"]
[White "Leckebusch, Hans Peter"]
[Black "Daemmrich, Dagmar"]
[Result "1-0"]
[WhiteElo "1893"]
[BlackElo "1136"]
[PlyCount "41"]
[EventDate "2012.02.03"]
[EventType "swiss"]
[EventRounds "7"]
[EventCountry "GER"]
[Source "Lothar Stergar"]
[SourceDate "2012.02.04"]

1. d4 d5 2. c4 e6 3. Nc3 Nf6 4. e3 b6 5. b4 (5. Nf3 {- Prein,D (1227)-Weier,D 
(1688), (9) 1999}) 5... c6 6. c5 Nbd7 7. Bb2 Bb7 8. Bd3 a5 9. a3 Be7 10. Nf3
O-O {#} 11. Qc2 (11. O-O Re8 12. Qc2 h6 13. e4 dxe4 14. Nxe4 Nd5 15. Bc3 axb4
16. axb4 b5 17. Rfe1 Qc7 18. Bd2 f5 19. Nc3 Nxb4 20. Qb1 Rxa1 21. Qxa1 Nxd3 22.
Rxe6 {0-1 Lubczynski,R-Brodowski,P, Krynica 1998}) 11... Qc7 12. e4 e5 13. exd5
cxd5 14. Nb5 Qb8 15. dxe5 Nxe5 16. Bxe5 Qd8 17. Bc7 Qe8 18. O-O Bc6 19. a4 Qd7
20. Ne5 Qc8 21. Nxc6 1-0

[Event "Witten (ch open)"]
[Site "Annen"]
[Date "2012.02.10"]
[Round "2"]
[White "Claus, Joachim"]
[Black "Sondermann, Dirk"]
[Result "0-1"]
[WhiteElo "1638"]
[BlackElo "1807"]
[PlyCount "104"]
[EventDate "2012.02.03"]
[EventType "swiss"]
[EventRounds "7"]
[EventCountry "GER"]
[Source "Lothar Stergar"]
[SourceDate "2012.02.04"]

1. f4 d5 2. Nf3 Nf6 3. d4 (3. e3 {- Mrowetz,J (1341)-Luebke,H (1229), (4) 2011}
) 3... c6 4. e3 Bg4 5. Be2 Nbd7 6. Nbd2 e6 7. O-O Be7 8. b3 O-O {#} 9. a4 (9.
Bb2 c5 10. c3 Rc8 11. Ne5 Bxe2 12. Qxe2 Qb6 13. Rf3 Rfd8 14. Raf1 g6 15. g4 a5
16. Rh3 a4 17. g5 Ne8 18. Qf2 cxd4 19. exd4 Ng7 20. Ng4 Nf5 21. Nh6+ Nxh6 22.
Rxh6 axb3 23. Qh4 Nf8 24. axb3 Qa5 25. Rf3 Ba3 26. b4 Qa4 27. Bxa3 Qxa3 28. Nf1
Rxc3 29. Rxc3 Qxc3 30. Qf2 Ra8 31. Kg2 Ra3 32. b5 Rb3 33. Kg1 Rb2 34. Qe3 Qc2
35. Qf3 Rxb5 36. Rh3 Qc4 37. Ne3 Qxd4 38. Kg2 Rb2+ 39. Kg3 Rb3 40. Kg2 b5 41.
Kf1 Qd2 {0-1 Vaatainen,T-Tella,J, Suomi 1993}) 9... Rc8 10. Ne5 Bxe2 11. Qxe2
Bb4 12. Ba3 Bxa3 13. Rxa3 c5 14. dxc5 Nxe5 15. fxe5 Nd7 16. b4 b6 17. cxb6 Qxb6
18. c3 Nxe5 19. a5 Qd6 20. Rd1 f5 21. Nf3 Nxf3+ 22. gxf3 Qe5 23. f4 Qf6 24. Qd2
a6 25. Kh1 Rc4 26. Rb1 Rfc8 27. Rc1 Qh4 28. Qe2 Qh3 29. Kg1 Qg4+ 30. Qxg4 fxg4
31. Kf2 Rxb4 32. Kg3 Rb2 33. Kxg4 Rxh2 34. Rb3 Ra2 35. Rb6 Rxa5 36. Rxe6 Ra3
37. Rd1 Rc5 38. c4 Rxc4 39. Rxd5 Rc7 40. e4 Ra7 41. Rf5 g6 42. Rff6 Ra1 43. e5
a5 44. Rd6 Kg7 45. Rc6 a4 46. Rfd6 a3 47. e6 Rg1+ 48. Kf3 a2 49. Rd7+ Rxd7 50.
exd7 a1=Q 51. d8=Q Qf1+ 52. Ke4 Qe2+ 0-1

[Event "Witten (ch open)"]
[Site "Annen"]
[Date "2012.02.10"]
[Round "2"]
[White "Dahlbeck, Mirko"]
[Black "Luebke, Hans Joachim"]
[Result "1-0"]
[WhiteElo "1750"]
[BlackElo "1277"]
[PlyCount "53"]
[EventDate "2012.02.03"]
[EventType "swiss"]
[EventRounds "7"]
[EventCountry "GER"]
[Source "Lothar Stergar"]
[SourceDate "2012.02.04"]

1. e4 c5 2. Nf3 d6 3. d4 cxd4 4. Nxd4 a6 5. Be3 (5. Nc3 {- Morawietz,M (1927)
-Luebke,H (1296), (6) 2010}) 5... e6 6. c4 Nd7 7. Nc3 Ngf6 8. f3 Be7 9. Be2 O-O
10. Qd2 Qc7 {#} 11. h4 (11. Rc1) (11. O-O {- A 31}) 11... b6 12. g4 Bb7 13. h5
h6 14. g5 hxg5 15. Bxg5 Qd8 16. O-O-O Nh7 17. Be3 Bg5 18. f4 Bh6 19. Rdg1 Ndf6
20. f5 Bxe3 21. Qxe3 Kh8 22. h6 gxh6 23. fxe6 Rg8 24. Rf1 fxe6 25. Qxh6 Qf8 26.
Rxf6 Qxh6+ 27. Rfxh6 1-0

[Event "Witten (ch open)"]
[Site "Annen"]
[Date "2012.02.24"]
[Round "3"]
[White "Reinoehl, Christian"]
[Black "Herrmann, Uwe"]
[Result "1/2-1/2"]
[WhiteElo "2093"]
[BlackElo "1933"]
[PlyCount "109"]
[EventDate "2012.02.03"]
[EventType "swiss"]
[EventRounds "7"]
[EventCountry "GER"]
[Source "Lothar Stergar"]
[SourceDate "2012.02.04"]

1. e4 e6 2. d4 d5 3. Nc3 Nf6 4. e5 Nfd7 5. f4 c5 6. Nf3 Nc6 7. Be3 cxd4 8. Nxd4
Bc5 (8... a6 {- Bausch,T (1887)-Tuscher,A (1616), (1) 2008}) 9. Qd2 Nxd4 10.
Bxd4 Bxd4 11. Qxd4 Qb6 12. Qxb6 Nxb6 13. Nb5 Ke7 14. O-O-O Bd7 15. Nd4 h5 16.
Bd3 g6 17. b3 Rac8 18. g3 Bc6 19. Kd2 Nd7 {#} 20. Ke3 (20. h4 Nc5 21. a4 b6 22.
Ra1 a5 23. Rhb1 Bd7 24. Ra3 Rc7 25. Raa1 Rhc8 26. Re1 Be8 27. Rac1 Bd7 28. Rh1
Bc6 29. Rhg1 Bd7 30. Rce1 Rh8 31. Re2 Rcc8 32. Rh2 Rh6 33. Rhh1 Rc7 34. Ke3 Rh8
35. Ra1 {1/2-1/2 Sigalas,F (2182)-Stavrianakis,I (2035), Athenai 2003}) 20...
Rcg8 21. h4 Rc8 22. Be2 Nb6 23. Rh2 Nd7 24. Bf3 Nb8 25. Rb1 b6 26. Rd1 Bd7 27.
Rhd2 Rc3+ 28. Rd3 Rhc8 29. Rxc3 Rxc3+ 30. Kd2 Rc8 31. a4 Nc6 32. c3 Nxd4 33.
cxd4 Bc6 34. Be2 Bd7 35. Ra1 a5 36. Bd3 Rc7 37. Rb1 Be8 38. Rb2 Bd7 39. Bc2 Rc8
40. Kd3 Rc7 41. Kd2 Rc8 42. Bd3 Rc7 43. Rc2 Rxc2+ 44. Kxc2 Kf8 45. Kc3 Ke7 46.
Kd2 Kf8 47. Ke3 Kg7 48. Kf3 Kf8 49. g4 hxg4+ 50. Kxg4 Kg7 51. Kg5 Bc8 52. Bb5
Bb7 53. h5 gxh5 54. Kxh5 f6 55. Kg4 1/2-1/2